بارش میں ایک آدمی : (Record no. 106539)

MARC details
000 -LEADER
fixed length control field 00850nam a22002537a 4500
005 - DATE AND TIME OF LATEST TRANSACTION
control field 20170123162313.0
010 ## - LIBRARY OF CONGRESS CONTROL NUMBER
LC control number A-482244
020 ## - INTERNATIONAL STANDARD BOOK NUMBER
Terms of availability 60.00
035 ## - SYSTEM CONTROL NUMBER
System control number A-482244
037 ## - SOURCE OF ACQUISITION
Source of stock number/acquisition Cen Lib/Ret
040 ## - CATALOGING SOURCE
Original cataloging agency DPL
Language of cataloging UR
082 ## - DEWEY DECIMAL CLASSIFICATION NUMBER
Classification number ک
Item number ک ه ن
100 ## - MAIN ENTRY--PERSONAL NAME
Personal name کھننا، گھلشن
9 (RLIN) 112969
245 ## - TITLE STATEMENT
Title بارش میں ایک آدمی :
Statement of responsibility, etc گھلشن کھننا
Remainder of title افسانے /
246 ## - VARYING FORM OF TITLE
Title proper/short title Barish mein ek aadmi : afsane /
Remainder of title by Gulshan Khanna
260 ## - PUBLICATION, DISTRIBUTION, ETC. (IMPRINT)
Place of publication, distribution, etc نیو دہلی
Name of publisher, distributor, etc ماڈرن پبلشنگ ہاؤس
Date of publication, distribution, etc 1992
270 ## - ADDRESS
City نیو دہلی
Address ٩، گولہ مارکیٹ، دریگنج
Postal code 110002
300 ## - PHYSICAL DESCRIPTION
Extent 128p.
Dimensions 19cm(Hb)
650 ## - SUBJECT ADDED ENTRY--TOPICAL TERM
Topical term or geographic name as entry element ادب - اردو
9 (RLIN) 112970
650 ## - SUBJECT ADDED ENTRY--TOPICAL TERM
Topical term or geographic name as entry element اردو کہانیاں
9 (RLIN) 818
650 ## - SUBJECT ADDED ENTRY--TOPICAL TERM
Topical term or geographic name as entry element Literature -- Urdu
9 (RLIN) 112971
650 ## - SUBJECT ADDED ENTRY--TOPICAL TERM
Topical term or geographic name as entry element Urdu stories
9 (RLIN) 112972
942 ## - ADDED ENTRY ELEMENTS (KOHA)
Source of classification or shelving scheme Dewey Decimal Classification
Koha item type Urdu Bks
Classification part ک
Call number suffix ک ه ن
Holdings
Withdrawn status Lost status Damaged status Not for loan Home library Current library Date acquired Source of acquisition Cost, normal purchase price Total Checkouts Full call number Barcode Date last seen Copy number Cost, replacement price Price effective from Koha item type
        Central Library Central Library 23/12/2015 Cen Lib/Ret 60.00   ک ک ه ن A-482244 23/12/2015 1 60.00 23/12/2015 Urdu Bks

© Delhi Public Library
Hit Counter
free hit counter